000
00308nam a22001337a 4500
008
170321b xxu||||| |||| 00| 0 eng d
020
_a
9780912912066
041
_a
eng
080
_2
6ED
_a
616.12 -008-073
100
_a
7
101
_a
SHM
245
_a
RAPID INTERPRETATION OF EKG
_c
DUBIN.D
942
_2
udc
_c
BK
999
_c
8180
_d
8180